Silvova metoda kontroly mysli

Salvato in:
Dettagli Bibliografici
Autore principale: Silva, José
Altri autori: Miele, Philip, Doležalová, Jitka, Kmochová, Pavla
Natura: Libro
Lingua:ceco
Pubblicazione: Praha Radost 1994
Edizione:2. vyd.
Soggetti:
Tags: Aggiungi Tag
Nessun Tag, puoi essere il primo ad aggiungerne!!

MARC

LEADER 00000nam a2200000 4500
001 c012012
005 20221205141035.5
020 |a 80-85189-25-9 
041 0 |a cze 
044 |a CZ 
245 1 0 |a Silvova metoda kontroly mysli  |c José Silva, Philip Miele ; [Z angl. prel.] Jitka Doležalová, Pavla Kmochová 
250 |a 2. vyd. 
264 1 |a Praha  |b Radost  |c 1994 
300 |a 179 s. 
610 2 0 |a psychológia 
100 1 |a Silva, José 
700 1 |a Miele, Philip 
700 1 |a Doležalová, Jitka 
700 1 |a Kmochová, Pavla